000 00881nas a2200289 4500
001 BR0401916
003 BR-BrBNA
005 20231205104456.0
007 ta
008 230509b bl.|||p| |||| 00| 00por d
040 _aBR-BrBNA
_bpor
_cBiblioteca Nacional de Agricultura
041 _a(Pt)
072 _aH10; K10
100 1 _aLima, C.A.
100 1 _aLúcia, T.M.C.D.
100 1 _aOzório, T.F.
100 1 _aGriffith, J.J.
100 1 _aRonqueti, E.C.
245 1 _aPreferência de saúvas por plantas oriundas de serapilheira usada para revegetação de áreas degradadas
650 _aSAÚVA
650 _aSERAPILHEIRA
650 _aREVEGETAÇÃO
650 _aDETERIORAÇÃO DO SOLO
773 0 _tRevista Árvore (Brazil)
_xISSN 0100-6762
_g(Jan-Feb 2002), v. 26(1) p. 93-98
_wBR0401916
909 _a202311
_bLúcia
_c55
_dLúcia Elande
942 _2AGRIS
_n0
_cANA
999 _c178321
_d178321